000 00675nam0a22002411 4500
001 RU\NLR\A1SV\161702
005 20251214174028.0
035 _a(NLR Aleph) 022608505
090 _a13496400
_c13496400
100 _a20060407d1923 u y0rusy50 ca
101 0 _arus
102 _aRU
200 1 _aОт Саратова до Бухары
_eАвтолитогр. в красках
210 _aМ.
_d1923
215 _a12 с.
_cил.
_d27 см
620 _dМосква
700 1 _aКузнецов
_bП.В.
_f1878-1968
_gПавел Варфоломеевич
801 0 _aRU
_bNLR
_c20060407
899 _aГРМ
942 _cBOOK
980 _aA1SV
980 _aNB